| 000 | 00957nac a22002897a 4500 | ||
|---|---|---|---|
| 001 | BR9504773 | ||
| 003 | BR-BrBNA | ||
| 005 | 20240105121640.0 | ||
| 008 | 230509b bl.|||m| |||| 00| 0 por d | ||
| 040 |
_aBR-BrBNA _bpor _cBiblioteca Nacional de Agricultura |
||
| 072 | _aL52 | ||
| 090 | _a6100 BR9504773 | ||
| 100 | 1 | _aAvila, V.S. de | |
| 100 | 1 | _aLedur, M.C. | |
| 100 | 1 | _aFialho, J.B. | |
| 100 | 1 | _aBrum, P.A.R. de | |
| 110 | 1 | _aCentro Nacional de Pesquisa de Suinos e Aves, Concordia, SC (Brasil) | |
| 245 | 1 | _aEstimativas de desempenho semanal de frangos de corte em diferentes sistemas de criacao | |
| 260 | 3 |
_aConcordia, SC (Brasil): _c1992. |
|
| 300 | _a2 p. | ||
| 490 |
_aComunicado Tecnico - Centro Nacional de Pesquisa de Suinos e Aves (Brazil) _vno. 195 _xISSN 0100-8862 |
||
| 650 | _aFrango de Corte | ||
| 650 | _aCrescimento | ||
| 650 | _aCriacao | ||
| 909 |
_a202312 _bLúcia Elande _c55 _dLúcia Elande |
||
| 942 |
_2AGRIS _n0 _cMS |
||
| 999 |
_c286565 _d286565 |
||